000 03476nam a22004337a 4500
005 20090516150656.0
008 090516t xxu||||| |||| 00| f hin d
010 _aHIN-86517
020 _a9788190722131
_c395.00
035 _aHN-58863
035 _aB-353572-580
037 _bकिताबघर प्रकाशन
037 _bDBAD / PUB
040 _adpl
_bhn
082 _a808.883
245 _a23 लेखिकाएँ और राजेन्द्र यादव /
_cगीताश्री द्वारा संपादित
246 _a23 lekhikaayen aura Rajendra Yadav
_bedited by Geetashree
260 _aनयी दिल्ली
_bकिताबघर प्रकाशन
_c2009
270 _a4855-56य24,अंसारी रोड़, दरियागंज
_bनयी दिल्ली
_e110002
300 _a319 पृ.
_c22सेमी (सजिल्द)
600 _aयादव, राजेन्द्र
600 _aYadav, Rajendra
600 _aYadav, Rajendra
650 _aस्मृति
650 _aMemory
700 _aगीताश्री
942 _2ddc
_cHN
_mतेईस
_h808.883
999 _c26484
_d26484